Crecimiento, pobreza y transferencias condicionadas en Costa Rica /

Uloženo v:
Podrobná bibliografie
Hlavní autor: Lara, Silvia
Médium: Text
Tagy: Přidat tag
Žádné tagy, Buďte první, kdo vytvoří štítek k tomuto záznamu!

MARC

LEADER 00000 a a2200000 04500
001 47736
003
040
100 |a Lara, Silvia  
245 |a Crecimiento, pobreza y transferencias condicionadas en Costa Rica /  |c Silvia Lara  
773 |g páginas 173-178  
999 |c 36343  |d 36343